| 000 | 00440nam a2200157 a 4500 | ||
|---|---|---|---|
| 001 | 1306 | ||
| 003 | CDMR | ||
| 005 | 20130805120916.0 | ||
| 008 | 130130s2011||||||||||||||||||||||||||||d | ||
| 020 | _a9788497816595 | ||
| 040 |
_aCDMR _bcat _cCPC LLEIDA |
||
| 100 | 1 |
_aMoreno Izquierdo, Rafael _91019 |
|
| 245 | 1 | 0 |
_aFotoperiodistas de guerra espaƱoles _cMORENO IZQUIERDO, Rafael |
| 260 |
_aMadrid _c2011 _bMinisterio de Defensa |
||
| 942 |
_cMON _2udc |
||
| 999 |
_c1306 _d1306 |
||